Gaming Quiz

Random Gaming or Video Games Quiz
Score 0/16 Timer 04:00
0 Plays Today
% Correct
The Legend of Zelda: Ocarina of Time
92.2%
The Legend of Zelda: Majora's Mask
65.4%
Earthbound
51.8%
Chrono Trigger
48.7%
Ecco the Dolphin
40.4%
Braid
28.6%
Putt-Putt Travels Through Time
25.1%
Final Fantasy XIII-2
25%
% Correct
Teenage Mutant Ninja Turtles: Turtles in Time
21.2%
Day of the Tentacle
19.8%
Banjo-Kazooie: Grunty's Revenge
13.6%
Serious Sam
11%
Blinx: The Time Sweeper
7.7%
Radiant Historia
6.5%
Star Ocean
4.3%
TimeShift
3.9%
Remove Ads.
Support Sporcle.
Get the best of Sporcle when you Go Orange. This ad-free experience offers more features, more stats, and more fun while also helping to support Sporcle. Thank you for becoming a member.

You're not logged in!

Compare scores with friends on all Sporcle quizzes.
OR
Log In

Show Comments

Extras

Top Quizzes Today


Score Distribution

Your Account Isn't Verified!

In order to create a playlist on Sporcle, you need to verify the email address you used during registration. Go to your Sporcle Settings to finish the process.

Report this User

Report this user for behavior that violates our Community Guidelines.

Details: